书目信息 |
| 题名: |
《纽约时报》是怎么做新闻的
|
|
| 作者: | 厄舍 著 ;徐芳芳 译 | |
| 分册: | ||
| 出版信息: | 上海 上海译文出版社有限公司 2019.6 |
|
| 页数: | 334页 | |
| 开本: | 21cm | |
| 丛书名: | ||
| 单 册: | ||
| 中图分类: | G219.712 | |
| 科图分类: | ||
| 主题词: | ||
| 电子资源: | ||
| ISBN: | 978-7-5327-8022-8 | |
| 000 | 01522nam0 2200313 45 | |
| 001 | 012001004035 | |
| 005 | 20140926102044.0 | |
| 010 | @a978-7-5327-8022-8@dCNY58.00 | |
| 099 | @aCAL 012019110808 | |
| 100 | @a20190911d2019 em y0chiy0110 ea | |
| 101 | 1 | @achi@ceng |
| 102 | @aCN@b310000 | |
| 105 | @ay a 000yy | |
| 106 | @ar | |
| 200 | 1 | @a《纽约时报》是怎么做新闻的@A《 niu yue shi bao 》 shi zen me zuo xin wen de@f(美) 尼基·阿瑟著@g徐芳芳译 |
| 210 | @a上海@c上海译文出版社有限公司@d2019.6 | |
| 215 | @a334页@d21cm | |
| 300 | @a并列题名:Making news at the New york times | |
| 312 | @a封面英文题名: Making news at the New york times | |
| 314 | @a责任者规范汉译姓: 厄舍 | |
| 320 | @a有书目 (第315-334页) | |
| 330 | @a本本书以《纽约时报》为例,探讨了传统媒体及其新闻工作者在数字化时代的应对之策。一方面,受众对新闻的需求源源不断,而且要求越来越快、随时随地获得,另一方面,社交媒体平台兴起,新闻记者要通过社交媒体获取消息来源,向受众推广自己的新闻报道并引导受众的评论,反过来,受众也通过这种参与成了搜集信息、抢先公布的内容生产者。此外,传统记者的技能已经不能应对工作需求,《纽约时报》不断引入各种新型人才,也就是说,不仅需要会采访、追踪线索的文字记者,也需求会编程、摄影、设计网页的制作人、网络极客等。总之,作为全世界最知名的媒 | |
| 510 | 1 | @aMaking news at the New york times@zeng |
| 605 | @a纽约时报@x研究 | |
| 690 | @aG219.712@v5 | |
| 701 | 1 | @a厄舍@Ae she@g(Usher, Nikki)@4著 |
| 702 | 0 | @a徐芳芳@Axu fang fang@4译 |
| 801 | @aCN@bAHXH@c20210922 | |
| 905 | @b1329073-7@dG219.712@e1012@f5 | |
| 《纽约时报》是怎么做新闻的/(美) 尼基·阿瑟著/徐芳芳译.-上海:上海译文出版社有限公司,2019.6 |
| 334页;21cm |
| 并列题名:Making news at the New york times |
| ISBN 978-7-5327-8022-8:CNY58.00 |
| 本本书以《纽约时报》为例,探讨了传统媒体及其新闻工作者在数字化时代的应对之策。一方面,受众对新闻的需求源源不断,而且要求越来越快、随时随地获得,另一方面,社交媒体平台兴起,新闻记者要通过社交媒体获取消息来源,向受众推广自己的新闻报道并引导受众的评论,反过来,受众也通过这种参与成了搜集信息、抢先公布的内容生产者。此外,传统记者的技能已经不能应对工作需求,《纽约时报》不断引入各种新型人才,也就是说,不仅需要会采访、追踪线索的文字记者,也需求会编程、摄影、设计网页的制作人、网络极客等。总之,作为全世界最知名的媒 |
| ● |
| 相关链接 |
|
|
|
|
正题名:《纽约时报》是怎么做新闻的
索取号:G219.712/1012
 
预约/预借
| 序号 | 登录号 | 条形码 | 馆藏地/架位号 | 状态 | 备注 |
| 1 | 1329073 | 213290730 | 第一样本阅览室/ [索取号:G219.712/1012] | 在馆 | |
| 2 | 1329074 | 213290749 | 教育系资料室/ [索取号:G219.712/1012] | 在馆 | |
| 3 | 1329075 | 213290758 | 教育系资料室/ [索取号:G219.712/1012] | 在馆 | |
| 4 | 1329076 | 213290767 | 第四借阅区/ [索取号:G219.712/1012] | 在馆 | |
| 5 | 1329077 | 213290776 | 第四借阅区/ [索取号:G219.712/1012] | 在馆 |